Statistics for Why'd you only call me when you're high - Arctic Monkey's Lyrics

Click here to take the quiz!

General Stats

  • This quiz has been taken 676 times
  • The average score is 216 of 257

Answer Stats

Answer% Correct
me
100%
you
100%
your
100%
call
99%
hi
99%
high
99%
high?
99%
only
99%
when
99%
youre
99%
you're
99%
why'd
98%
Why'd
98%
whyd
98%
I
97%
i
97%
a
96%
the
96%
an
94%
and
93%
I'm
93%
my
93%
to
93%
in
92%
its
92%
It's
92%
it's
92%
morning
89%
three
88%
mind
86%
change
85%
message
85%
not
85%
by
84%
left
84%
now
84%
side
84%
but
83%
calls
83%
image
83%
missed
83%
multiple
83%
reply
83%
time
83%
mirrors
82%
tells
80%
finished
79%
trying
79%
of
77%
as
76%
Cause
76%
home
75%
leaving
74%
shoes
73%
out
72%
saw
72%
get
71%
be
70%
carrying
70%
ever
70%
are
69%
listen
68%
need
68%
tonight?
68%
harder
67%
was
67%
bad
66%
dreaming
66%
have
66%
partner (hey)
66%
phone
66%
ideas
65%
night
65%
bumping
64%
decisions
64%
making
64%
tryna
64%
arrived
63%
baby
63%
just
63%
see
63%
thought
63%
same
62%
alright
61%
darker
61%
having
61%
that
61%
up
61%
through
60%
early
59%
incapable
59%
somewhere
59%
said
58%
talking
58%
well
57%
decided
55%
gonna
55%
running
55%
starting
55%
gears
54%
cant
53%
find
53%
gotta
53%
hoping
53%
shite
53%
bore
52%
like
51%
what
51%
found
50%
once
49%
where
49%
again
48%
havent'
48%
more
48%
feels
46%
wonder
46%
sort
44%
here
41%
might?
20%

Score Distribution

Percentile by Number Answered

Percent of People with Each Score

Your Score History

You have not taken this quiz